Những nguyên tắc cơ bản trong Dự thảo Bộ Luật Dân sự (sửa đổi) nhìn từ kỹ thuật lập pháp /

שמור ב:
מידע ביבליוגרפי
מחבר ראשי: Lê Hồng Hạnh.
פורמט: Bài viết
שפה:Vietnamese
נושאים:
תגים: הוספת תג
אין תגיות, היה/י הראשונ/ה לתייג את הרשומה!
Thư viện lưu trữ: Thư viện Trường Đại học Đà Lạt
LEADER 00863nam a2200277 4500
001 DLU180188962
005 ##20181206
040 # # |a DLU  |b vie 
041 # # |a vie 
044 # # |a vn 
100 # # |a Lê Hồng Hạnh. 
245 # # |a Những nguyên tắc cơ bản trong Dự thảo Bộ Luật Dân sự (sửa đổi) nhìn từ kỹ thuật lập pháp /  |c Lê Hồng Hạnh. 
653 # # |a Bộ Luật Dân sự  
653 # # |a Dự thảo  
653 # # |a Lập pháp 
653 # # |a Nguyên tắc cơ bản 
773 # # |t Nhà nước và pháp luật  |g Số 9(317), 2014, tr. 15-24 
920 # # |a Phòng Tạp chí -- Trung tâm Thông tin - Thư viện Trường Đại học Đà Lạt 
994 # # |a DLU 
900 # # |a True 
911 # # |a Hoàng Thị Huyền 
925 # # |a G 
926 # # |a A 
927 # # |a BB 
980 # # |a Thư viện Trường Đại học Đà Lạt